Municípios da Região Metropolitana de Vitória (ES) no mapa - Statistics

Estatísticas Gerais
  • Esse quiz foi jogado 128 vezes
  • A pontuação média é 6 de 7
Respostas no mapa
Respostas codificadas por cores de uma escala verde-vermelha no mapa do quiz de acordo com a % correta abaixo.
 
Estatísticas das Respostas
Município % Correto
Vitória
99%
Serra
98%
Vila Velha
95%
Cariacica
90%
Guarapari
85%
Viana
69%
Fundão
55%
Nenhum quiz correspondente encontrado
Distribuição das Pontuações
Porcentagem de Pessoas com Cada Pontuação
Percentil de Números Respondidos
Sua Pontuação Histórica
Você não jogou esse quiz